Complex variables and applications (Record no. 3507)

000 -LEADER
fixed length control field 00586nam a22002297a 4500
001 - CONTROL NUMBER
control field 3507
003 - CONTROL NUMBER IDENTIFIER
control field BD-DhUET
008 - FIXED-LENGTH DATA ELEMENTS--GENERAL INFORMATION
fixed length control field 141101b xxu||||| |||| 00| 0 eng d
020 ## - INTERNATIONAL STANDARD BOOK NUMBER
International Standard Book Number 0070108552
040 ## - CATALOGING SOURCE
Transcribing agency 0
Modifying agency BD-DhUET
082 ## - DEWEY DECIMAL CLASSIFICATION NUMBER
Classification number 517.8
Item number CHU/1974
100 ## - MAIN ENTRY--PERSONAL NAME
Personal name Churchill, Ruel V.
245 ## - TITLE STATEMENT
Title Complex variables and applications
250 ## - EDITION STATEMENT
Edition statement 3rd ed.
260 ## - PUBLICATION, DISTRIBUTION, ETC. (IMPRINT)
Place of publication, distribution, etc. New York
Name of publisher, distributor, etc. McGraw-Hill
Date of publication, distribution, etc. 1974
300 ## - PHYSICAL DESCRIPTION
Extent x, 332 p.
Other physical details ill.
Dimensions 23 cm.
504 ## - BIBLIOGRAPHY, ETC. NOTE
Bibliography, etc Includes bibliographies
650 #0 - SUBJECT ADDED ENTRY--TOPICAL TERM
Topical term or geographic name as entry element Complex variables
700 ## - ADDED ENTRY--PERSONAL NAME
Personal name Brown, James W.
700 ## - ADDED ENTRY--PERSONAL NAME
Personal name Verhey, Roger F.
942 ## - ADDED ENTRY ELEMENTS (KOHA)
Koha item type General Book
Holdings
Koha date last seen Koha item type Koha date last borrowed Koha renewals Koha normalized classification for sorting Source of classification or shelving scheme Koha full call number Lost status Price effective from Shelving location Not for loan Copy number Sublocation or collection (holding branch) Withdrawn status Piece designation (barcode) Location (home branch) Date acquired Damaged status
2014-11-01General Book  517_800000000000000_CHU_1974 517.8/CHU/1974 2014-11-01Circulation section 1Central Library, BUET 39411Central Library, BUET2014-11-01 
2014-11-01General Book  517_800000000000000_CHU_1974 517.8/CHU/1974 2014-11-01Circulation section 2Central Library, BUET 43301Central Library, BUET2014-11-01 
2014-11-01General Book  517_800000000000000_CHU_1974 517.8/CHU/1974 2014-11-01Circulation section 3Central Library, BUET 45109Central Library, BUET2014-11-01 
2016-05-18General Book  517_800000000000000_CHU_1974 517.8/CHU/1974 2014-11-01Circulation section 4Central Library, BUET 52889Central Library, BUET2014-11-01 
2016-04-02General Book  517_800000000000000_CHU_1974 517.8/CHU/1974 2014-11-17Circulation section 5Central Library, BUET 37655Central Library, BUET2014-11-17 
2016-08-30General Book 2517_800000000000000_CHU_1974 517.8/CHU/1974 2014-11-17Circulation section 6Central Library, BUET 58032Central Library, BUET2014-11-17 
2015-05-03General Book0000-00-00 517_800000000000000_CHU_1974 517.8/CHU/1974 2015-05-03Circulation section 7Central Library, BUET 52887Central Library, BUET2015-05-03 
2015-05-03General Book  517_800000000000000_CHU_1974 517.8/CHU/1974 2015-05-03Circulation section 8Central Library, BUET 37654Central Library, BUET2015-05-03 
2015-05-04General Book  517_800000000000000_CHU_1974 517.8/CHU/1974 2015-05-04Circulation section 9Central Library, BUET 39412Central Library, BUET2015-05-04 
2015-05-20General Book  517_800000000000000_CHU_1974 517.8/CHU/1974 2015-05-20Circulation section 10Central Library, BUET 58033Central Library, BUET2015-05-20 
2015-06-13Reading Item  517_800000000000000_CHU_1974 517.8/CHU/1974 2015-06-13Reading section 11Central Library, BUET 24535Central Library, BUET2015-06-13 
2015-07-13General Book  517_800000000000000_CHU_1974 517.8/CHU/1974 2015-07-13Circulation section 12Central Library, BUET 43304Central Library, BUET2015-07-13